000 00486nam a2200193Ia 4500
008 101110s9999 xx 000 0 und d
041 _aENGLISH
082 _bJR705
100 _aSaxsena S.C.
245 _aPrinciples and Practice of Management
365 _b15
520 _aCommerce
546 _aENGLISH
630 _aPrinciples and Practice of Management
650 _aCommerce
655 _aCommerce
730 _aPrinciples and Practice of Management
942 _cBOOK
999 _c793463
_d793460